000 00518nam a2200181Ia 4500
999 _c1729
_d1729
003 OSt
005 20201001101540.0
008 190216s9999||||xx |||||||||||||| ||und||
020 _a9788126132812
040 _coclc
082 _a660.6
_bGIL/B
100 _aGilbert, P R
_95255
245 0 _aBiotechnology Science Tools And Techniques /
_cP R Gilbert
260 _bAnmol Publications,
_aNew Delhi:
_c2008.
300 _a305p
650 _aBotany
942 _cBK
_2ddc
_h660.6
_iGIL/B
_k660.6
_mGIL/B